000 00392cam a22000977a 4500
008 180718b1971 xxu||||| |||| 00| 0 eng d
082 _aXA94068x54 A/1971-72
245 _aAll -India debt &investment survey 1971-72 : Assets and liabilities of Rural households
_cby Reserve Bank of India, Maharashtra
260 _aBombay
_bReserve Bank of India
_c1971
700 _aMaharashtra. Reserve Bank of India
999 _c499052
_d499052